Score 0/20 Timer 03:00
3 Plays Today
% Correct
Elbow
95.8%
Viola
95.1%
Rugby
95.1%
Belch
95.1%
Iris
94.9%
Bottom
94.2%
Feeble
94.1%
Puck
93.7%
Angus
93.6%
Marina
91.2%
% Correct
Hamlet
90.3%
Mark
90.1%
Curio
89.4%
Miranda
88.2%
Jack
88.1%
Quince
87.1%
Nick
85.1%
John
84.4%
Peter
81.8%
Harry
78.1%
Remove Ads.
Support Sporcle.
Get the best of Sporcle when you Go Orange. This ad-free experience offers more features, more stats, and more fun while also helping to support Sporcle. Thank you for becoming a member.

You're not logged in!

Compare scores with friends on all Sporcle quizzes.
OR
Log In

Show Comments

Extras

Top Quizzes Today


Score Distribution

Your Account Isn't Verified!

In order to create a playlist on Sporcle, you need to verify the email address you used during registration. Go to your Sporcle Settings to finish the process.

Report this User

Report this user for behavior that violates our Community Guidelines.

Details: